[Event "ch-USA Junior 2024"]
[Site "Saint Louis USA"]
[Date "2024.07.16"]
[Round "1.1"]
[White "Hardaway, Brewington"]
[Black "Ladan, Nicholas"]
[Result "1-0"]
[WhiteTitle "IM"]
[WhiteElo "2459"]
[BlackElo "2211"]
[WhiteFideId "30941849"]
[BlackFideId "30918855"]
[EventDate "2024.07.16"]

1. Nf3 d5 2. g3 Bg4 3. Bg2 Nd7 4. c4 e6 5. d4 Ngf6 6. Qb3 Rb8 7. Nc3 dxc4 8.
Qxc4 a6 9. Bf4 Bxf3 10. Bxf3 Bd6 11. O-O Bxf4 12. gxf4 Nb6 13. Qd3 Qd6 14. e3 c5
15. Rfd1 cxd4 16. Qe2 O-O 17. Rxd4 Qe7 18. Rad1 Rfe8 19. Qd3 e5 20. fxe5 Qxe5
21. a4 g6 22. Rd6 Nc8 23. Rd8 Ne7 24. Rxb8 Rxb8 25. Qd6 Qg5+ 26. Qg3 Qxg3+ 27.
hxg3 b6 28. Rd6 Kg7 29. e4 Ne8 30. Rd7 Nc6 31. Be2 a5 32. Bb5 Ne5 33. Re7 1-0

[Event "ch-USA Junior 2024"]
[Site "Saint Louis USA"]
[Date "2024.07.16"]
[Round "1.2"]
[White "Wang, Justin"]
[Black "Liang, Jason"]
[Result "1-0"]
[WhiteTitle "IM"]
[BlackTitle "IM"]
[WhiteElo "2517"]
[BlackElo "2412"]
[WhiteFideId "30911370"]
[BlackFideId "30940303"]
[EventDate "2024.07.16"]

1. d4 d5 2. c4 e6 3. Nf3 Nf6 4. Nc3 c6 5. Bg5 dxc4 6. e4 b5 7. e5 h6 8. Bh4 g5
9. Nxg5 hxg5 10. Bxg5 Be7 11. exf6 Bxf6 12. Bxf6 Qxf6 13. g3 Na6 14. Bg2 Bb7 15.
a4 Qe7 16. Qf3 b4 17. Ne2 Rb8 18. Qf4 c5 19. Bxb7 Qxb7 20. O-O Qd5 21. h4 Rd8
22. Rad1 Ke7 23. Rfe1 Qf5 24. Qxf5 exf5 25. Rc1 Kf6 26. Rxc4 Rhe8 27. Kf1 Re4
28. Rec1 Kg7 29. f3 Re3 30. Kf2 Rd3 31. dxc5 Rd2 32. R4c2 b3 33. Rxd2 Rxd2 34.
c6 Nc7 35. Ke3 Rxb2 36. Nd4 Ra2 37. Nxb3 Rxa4 38. Nd4 Ra5 39. Rb1 Kf6 40. Kd3
Ke5 41. h5 Ra3+ 42. Rb3 Ra1 43. Nb5 Nd5 44. h6 Kf6 45. Kd4 Ne7 46. c7 Kg6 47.
Re3 Rd1+ 48. Kc5 Rc1+ 49. Rc3 Re1 50. Nxa7 Kxh6 51. c8=Q Nxc8 52. Nxc8 Kg5 53.
Nd6 Rg1 54. Nxf7+ Kf6 55. Nd8 Rxg3 56. Kd4 Rg1 57. Ke3 Ra1 58. Rc6+ Ke7 59. Nb7
Ra4 60. Rb6 Kf7 61. Kf2 Kg7 62. Kg3 Kf7 63. Nd6+ Kf6 64. Rb5 Ke6 65. Nxf5 Kf6
66. Ne3 Ra3 67. Ng4+ Kg6 68. Rb6+ Kg5 69. Nf2 Kf5 70. Rb5+ Ke6 71. Ne4 Ra8 72.
Kf4 Rf8+ 73. Ke3 Ra8 74. Rb6+ Kf7 75. Kf4 Ra5 76. Rb5 Ra3 77. Ke5 Ra6 78. f4 Ke7
79. f5 Ra8 80. Rb7+ Kf8 81. Ng5 Ra5+ 82. Kf6 Ra6+ 83. Ne6+ Kg8 84. Kg6 Ra8 85.
f6 1-0

[Event "ch-USA Junior 2024"]
[Site "Saint Louis USA"]
[Date "2024.07.16"]
[Round "1.3"]
[White "Wang, Jason"]
[Black "Hong, Andrew"]
[Result "0-1"]
[WhiteTitle "IM"]
[BlackTitle "GM"]
[WhiteElo "2425"]
[BlackElo "2570"]
[WhiteFideId "30908124"]
[BlackFideId "2099438"]
[EventDate "2024.07.16"]

1. d4 Nf6 2. c4 e6 3. Nf3 d5 4. g3 Bb4+ 5. Bd2 a5 6. Qc2 O-O 7. Bg2 Be7 8. O-O
c6 9. Bf4 Nbd7 10. cxd5 exd5 11. Nc3 Nb6 12. Rad1 g6 13. Ne5 Bf5 14. Qc1 a4 15.
h3 Nfd7 16. g4 Be6 17. Bh6 Re8 18. f4 f5 19. gxf5 Bxf5 20. e4 dxe4 21. Bxe4 Bxh3
22. Rf3 Nxe5 23. dxe5 Qc8 24. Qc2 Kh8 25. Qh2 Bf5 26. Rg3 Qe6 27. Qc2 Rg8 28.
Kh2 a3 29. b3 Nd5 30. Qg2 Nxc3 31. Rxc3 g5 32. Bxf5 Qxf5 33. Rf1 g4 34. Kg1 Rg6
35. Bg5 Bxg5 36. fxg5 Qxe5 37. Qd2 Re8 38. Rd3 Rxg5 39. b4 Rf5 40. Rxf5 Qxf5 41.
Rxa3 Rf8 42. Qd4+ Kg8 43. Qc4+ Kg7 44. Qd4+ Kg6 45. Qd3 h5 46. Qe2 Rf7 47. Ra5
Qf6 48. Re5 Qf4 49. Re6+ Rf6 50. Qd3+ Kg5 51. Rxf6 Qxf6 52. Qd2+ Kg6 53. Qd3+
Kg7 54. Qd7+ Qf7 55. Qd4+ Kg6 56. Qd6+ Kf5 57. Qd3+ Ke5 58. Qe3+ Kd6 59. Qc5+
Kd7 60. b5 Qxa2 61. bxc6+ bxc6 62. Qxh5 Qb1+ 63. Kf2 Qe4 64. Qf7+ Kd6 65. Qf6+
Kd5 66. Qf7+ Kd4 67. Qf6+ Kd3 0-1

[Event "ch-USA Junior 2024"]
[Site "Saint Louis USA"]
[Date "2024.07.16"]
[Round "1.4"]
[White "Daggupati, Balaji"]
[Black "Woodward, Andy"]
[Result "0-1"]
[WhiteTitle "GM"]
[BlackTitle "IM"]
[WhiteElo "2480"]
[BlackElo "2523"]
[WhiteFideId "2090759"]
[BlackFideId "30953499"]
[EventDate "2024.07.16"]

1. e4 c5 2. Nf3 d6 3. d4 cxd4 4. Nxd4 Nf6 5. Nc3 a6 6. f3 e5 7. Nb3 Be6 8. Be3
h5 9. Nd5 Bxd5 10. exd5 Nbd7 11. Qd2 g6 12. O-O-O Bg7 13. Kb1 b5 14. Na5 Nb6 15.
Nc6 Qc7 16. c4 Nxc4 17. Bxc4 bxc4 18. Rc1 Qb7 19. Rxc4 Qb5 20. Rhc1 Qxd5 21. Qb4
Qd3+ 22. Ka1 O-O 23. R4c3 Qe2 24. Qxd6 Qxg2 25. h4 Rae8 26. Bg5 Re6 27. Qd1 Rfe8
28. R1c2 Qh3 29. Ra3 Nh7 30. Be3 e4 31. f4 Qxh4 32. Qg1 Rd6 33. Rxa6 Qf6 34. Rb6
Nf8 35. Qc1 Ra8 36. Kb1 Qe6 37. a3 Qd7 38. Ne7+ Kh7 39. Rxd6 Qxd6 40. Nc6 Qe6
41. Nd4 Qa6 42. Rc4 Rb8 43. b4 Nd7 44. Ka2 Qd6 45. Nb3 Qe6 46. Qc2 Nf6 47. Bd4
e3 48. Rc6 Qe8 49. Rc3 e2 50. Bf2 e1=Q 51. Bxe1 Qxe1 52. Rc7 Qe6 0-1

[Event "ch-USA Junior 2024"]
[Site "Saint Louis USA"]
[Date "2024.07.16"]
[Round "1.5"]
[White "Guo, Arthur"]
[Black "Yoo, Christopher Woojin"]
[Result "0-1"]
[WhiteTitle "GM"]
[BlackTitle "GM"]
[WhiteElo "2529"]
[BlackElo "2607"]
[WhiteFideId "30903114"]
[BlackFideId "30909694"]
[EventDate "2024.07.16"]

1. e4 c6 2. d4 d5 3. exd5 cxd5 4. Bd3 Nc6 5. c3 e6 6. Nf3 Bd6 7. O-O Nge7 8. Re1
O-O 9. h3 h6 10. a4 Qc7 11. Na3 a6 12. Nc2 f6 13. Ne3 Bd7 14. c4 Bb4 15. Re2 Be8
16. cxd5 exd5 17. Nf5 Nxf5 18. Bxf5 Bf7 19. Bc2 Rfe8 20. Be3 Bd6 21. Qd3 Re4 22.
Qd1 Qd7 23. Nd2 Rh4 24. Nf3 Rxh3 25. Qd3 Rxf3 26. gxf3 Qh3 27. f4 Qg4+ 28. Kh2
Nb4 29. Qh7+ Kf8 30. Qh8+ Bg8 31. f3 Qh5+ 32. Kg1 Qxf3 33. Rg2 Qxe3+ 34. Kh1
Qh3+ 35. Kg1 Qxg2+ 36. Kxg2 Nxc2 37. Rg1 Bxf4 38. Kf3 Bg5 39. Kg4 Ne3+ 40. Kh5
Kf7 0-1

[Event "ch-USA Junior 2024"]
[Site "Saint Louis USA"]
[Date "2024.07.17"]
[Round "2.1"]
[White "Liang, Jason"]
[Black "Wang, Jason"]
[Result "1/2-1/2"]
[WhiteTitle "IM"]
[BlackTitle "IM"]
[WhiteElo "2412"]
[BlackElo "2425"]
[WhiteFideId "30940303"]
[BlackFideId "30908124"]
[EventDate "2024.07.16"]

1. e4 c5 2. Nf3 e6 3. d4 cxd4 4. Nxd4 Nc6 5. Nc3 Qc7 6. Be3 a6 7. Bd3 Nf6 8. Qe2
d6 9. O-O g6 10. f4 Bg7 11. Nxc6 Qxc6 12. Bd4 e5 13. fxe5 dxe5 14. Be3 Be6 15.
Bg5 Nd7 16. Nd5 Bxd5 17. exd5 Qd6 18. Rab1 O-O 19. b4 f5 20. c4 b6 21. Bc2 e4
22. Ba4 Be5 23. g3 Nf6 24. Kh1 Ng4 25. Qd2 Rac8 26. Bb3 Kg7 27. Rbc1 h6 28. Bf4
Rfd8 29. Kg2 g5 30. c5 bxc5 31. bxc5 Rxc5 32. Bxe5+ Nxe5 33. Rxf5 Rxc1 34. Qxc1
Kg6 35. Rf1 Rf8 36. Bc2 Rxf1 37. Qxf1 Qxd5 38. Qxa6+ Kg7 39. Qa7+ Kf6 40. Qf2+
Kg7 41. Qa7+ Kf6 42. Qf2+ Kg7 43. Qe3 Ng4 44. Qc3+ Ne5 45. Qe3 Ng4 46. Qc3+ Ne5
47. Qe3 Ng4 48. Qc3+ 1/2-1/2

[Event "ch-USA Junior 2024"]
[Site "Saint Louis USA"]
[Date "2024.07.17"]
[Round "2.2"]
[White "Woodward, Andy"]
[Black "Guo, Arthur"]
[Result "1/2-1/2"]
[WhiteTitle "IM"]
[BlackTitle "GM"]
[WhiteElo "2523"]
[BlackElo "2529"]
[WhiteFideId "30953499"]
[BlackFideId "30903114"]
[EventDate "2024.07.16"]

1. d4 Nf6 2. c4 e6 3. Nf3 d5 4. g3 dxc4 5. Bg2 a6 6. Ne5 Bb4+ 7. Nc3 Nd5 8. O-O
Nxc3 9. bxc3 Bxc3 10. Rb1 Qxd4 11. Qa4+ b5 12. Qa3 Qxe5 13. Bf4 Qf6 14. Bxc7 b4
15. Rxb4 Bxb4 16. Qxb4 a5 17. Qb5+ Bd7 18. Qxc4 Ra6 19. Bxb8 Rb6 20. Ba7 Rb4 21.
Qa6 O-O 22. Bc5 e5 23. Qa7 Rd8 24. Bxb4 axb4 25. Qc5 Be6 26. Qxb4 Bxa2 27. Rc1
Be6 28. Qb2 h5 29. h4 Bg4 30. Be4 g6 31. Kg2 Bf5 32. Qb1 Bxe4+ 33. Qxe4 Qd6 34.
Rc6 Qd5 35. Qxd5 Rxd5 36. Rb6 Ra5 37. Rc6 Rb5 38. Rd6 Ra5 39. Rc6 Rb5 40. Rd6
Ra5 41. Rc6 Rb5 1/2-1/2

[Event "ch-USA Junior 2024"]
[Site "Saint Louis USA"]
[Date "2024.07.17"]
[Round "2.3"]
[White "Ladan, Nicholas"]
[Black "Yoo, Christopher Woojin"]
[Result "0-1"]
[BlackTitle "GM"]
[WhiteElo "2211"]
[BlackElo "2607"]
[WhiteFideId "30918855"]
[BlackFideId "30909694"]
[EventDate "2024.07.16"]

1. Nf3 Nf6 2. g3 g6 3. Bg2 Bg7 4. O-O c5 5. c4 O-O 6. Nc3 Nc6 7. d3 a6 8. a3 Rb8
9. Rb1 b5 10. cxb5 axb5 11. b4 cxb4 12. axb4 d6 13. Qc2 Bd7 14. Bg5 h6 15. Bd2
e5 16. Rfc1 Qb6 17. Ne4 Nxe4 18. dxe4 Rfc8 19. Qd3 Nd4 20. Nxd4 exd4 21. e3 Be6
22. exd4 Bxd4 23. Qf3 h5 24. Bc3 Bg4 25. Bxd4 Qxd4 26. Qb3 Qd2 27. Re1 Rc3 28.
Qb2 Rc2 29. Qf6 Rbc8 30. h3 Be2 31. h4 Bg4 32. e5 Qd4 33. Ra1 Bf5 34. Rf1 Rxf2 0-1

[Event "ch-USA Junior 2024"]
[Site "Saint Louis USA"]
[Date "2024.07.17"]
[Round "2.4"]
[White "Hardaway, Brewington"]
[Black "Wang, Justin"]
[Result "0-1"]
[WhiteTitle "IM"]
[BlackTitle "IM"]
[WhiteElo "2459"]
[BlackElo "2517"]
[WhiteFideId "30941849"]
[BlackFideId "30911370"]
[EventDate "2024.07.16"]

1. e4 e5 2. Nf3 Nc6 3. Bc4 Bc5 4. d3 Nf6 5. Nc3 h6 6. O-O d6 7. Na4 Bb6 8. a3
O-O 9. h3 Re8 10. b4 Be6 11. Bxe6 Rxe6 12. Bb2 Nd7 13. g3 a6 14. Nxb6 Nxb6 15.
c4 Qd7 16. Nh4 Ree8 17. Kh2 f6 18. f4 Nd8 19. Rf2 Ne6 20. Qg4 Rad8 21. Raf1 Na4
22. Bc1 Nf8 23. Nf5 Kh8 24. Qh5 Re6 25. fxe5 dxe5 26. Nxh6 Qe8 27. Nf7+ Kg8 28.
Qh8+ Kxf7 29. Bh6 Ke7 30. Qxg7+ Qf7 31. Qg4 Nd7 32. Be3 Rg8 33. Qd1 Nab6 34. c5
Nc8 35. Rf5 Ke8 36. d4 exd4 37. Bxd4 Ne7 38. R5f4 Nc6 39. Bc3 Nce5 40. Qd5 c6
41. Qa2 Re7 42. Qe2 Qg6 43. Be1 Rh7 44. Qd2 Ng4+ 45. Kg1 Rxh3 46. Qd6 Qh7 47.
Qe6+ Kd8 48. Rxg4 Rh1+ 49. Kf2 Rxf1+ 50. Kxf1 Qh3+ 0-1

[Event "ch-USA Junior 2024"]
[Site "Saint Louis USA"]
[Date "2024.07.17"]
[Round "2.5"]
[White "Hong, Andrew"]
[Black "Daggupati, Balaji"]
[Result "0-1"]
[WhiteTitle "GM"]
[BlackTitle "GM"]
[WhiteElo "2570"]
[BlackElo "2480"]
[WhiteFideId "2099438"]
[BlackFideId "2090759"]
[EventDate "2024.07.16"]

1. e4 c5 2. Nf3 Nc6 3. Bb5 Nf6 4. Bxc6 dxc6 5. d3 Qc7 6. e5 Nd5 7. Nbd2 Bf5 8.
O-O h6 9. Ne4 e6 10. c4 Bxe4 11. dxe4 Nb6 12. b3 g5 13. Bb2 Bg7 14. h4 Nd7 15.
hxg5 O-O-O 16. Qe2 Nxe5 17. Bxe5 Bxe5 18. Rad1 Bd4 19. e5 hxg5 20. Qe4 g4 21.
Nxd4 Rxd4 22. Rxd4 f5 23. Rd7 Qxd7 24. Qf4 Kc7 25. f3 Rg8 26. Qe3 gxf3 27. Rxf3
Qd1+ 28. Kh2 Qd4 29. Rh3 Kb6 30. a3 Rg4 31. Qxd4 cxd4 32. Rh7 c5 33. Rd7 Re4 34.
b4 Rxe5 35. Rd6+ Kc7 36. bxc5 Re4 37. Kg3 b6 38. Kf2 bxc5 39. Ra6 Kb7 40. Rd6 a5
41. g3 Kc7 42. Ra6 d3 43. Rxa5 d2 44. Ra7+ Kd6 45. Ra8 Rd4 46. Rd8+ Ke5 47. Rxd4
Kxd4 48. Ke2 Kc3 49. Kd1 Kd3 50. g4 fxg4 0-1

[Event "ch-USA Junior 2024"]
[Site "Saint Louis USA"]
[Date "2024.07.18"]
[Round "3.1"]
[White "Yoo, Christopher Woojin"]
[Black "Woodward, Andy"]
[Result "1/2-1/2"]
[WhiteTitle "GM"]
[BlackTitle "IM"]
[WhiteElo "2607"]
[BlackElo "2523"]
[WhiteFideId "30909694"]
[BlackFideId "30953499"]
[EventDate "2024.07.16"]

1. d4 Nf6 2. c4 g6 3. Nc3 d5 4. cxd5 Nxd5 5. Bd2 c5 6. e4 Nxc3 7. Bxc3 cxd4 8.
Qxd4 Qxd4 9. Bxd4 f6 10. Bc3 e5 11. f4 exf4 12. Bc4 Nd7 13. Ne2 Bd6 14. Rd1 Ke7
15. Rf1 g5 16. g3 Ne5 17. Bd5 Bg4 18. gxf4 Nf3+ 19. Rxf3 Bxf3 20. Bxb7 Bxe2 21.
Kxe2 Bxf4 22. Bxa8 Rxa8 23. h3 Rc8 24. Kf3 h5 25. Rd5 Rc6 26. a4 Rb6 27. Rf5 Be5
28. Bxe5 fxe5 29. Rxg5 Rb3+ 30. Kg2 Rxb2+ 31. Kg3 Rb3+ 32. Kh4 Kd6 33. Rg7 a5
34. Ra7 Rb4 35. Rxa5 Rxe4+ 36. Kxh5 Rb4 37. Ra8 e4 38. a5 Kd7 39. a6 e3 40. Ra7+
Ke6 41. Ra8 Kf7 42. Ra7+ Kf6 43. Rc7 e2 44. Rc1 Ra4 45. Re1 Rxa6 46. Rxe2 Kg7
47. Re7+ Kg8 48. Re4 Kg7 49. h4 Rh6+ 50. Kg4 Rg6+ 51. Kh3 Kh6 52. Rf4 Rg7 53.
Rg4 Rxg4 54. Kxg4 Kg6 55. h5+ Kh7 56. Kg5 Kh8 57. Kg6 Kg8 58. h6 Kh8 59. h7 1/2-1/2

[Event "ch-USA Junior 2024"]
[Site "Saint Louis USA"]
[Date "2024.07.18"]
[Round "3.2"]
[White "Wang, Justin"]
[Black "Ladan, Nicholas"]
[Result "1-0"]
[WhiteTitle "IM"]
[WhiteElo "2517"]
[BlackElo "2211"]
[WhiteFideId "30911370"]
[BlackFideId "30918855"]
[EventDate "2024.07.16"]

1. e4 e5 2. Nf3 Nc6 3. Bb5 a6 4. Ba4 d6 5. O-O Bg4 6. h3 h5 7. Bxc6+ bxc6 8. d4
Bxf3 9. Qxf3 exd4 10. Rd1 Qf6 11. Qb3 Ne7 12. Qb7 Rc8 13. Nd2 g5 14. Nf3 Rg8 15.
Nxd4 Kd7 16. Nf3 g4 17. e5 Qf5 18. exd6 gxf3 19. dxe7+ Kxe7 20. g3 Kf6 21. Qxc6+
Bd6 22. Rd3 Qxh3 23. Rxf3+ Ke7 24. Bh6 Rce8 25. Re1+ Kd8 26. Rxe8+ Rxe8 27. Bg5+ 1-0

[Event "ch-USA Junior 2024"]
[Site "Saint Louis USA"]
[Date "2024.07.18"]
[Round "3.3"]
[White "Wang, Jason"]
[Black "Hardaway, Brewington"]
[Result "1/2-1/2"]
[WhiteTitle "IM"]
[BlackTitle "IM"]
[WhiteElo "2425"]
[BlackElo "2459"]
[WhiteFideId "30908124"]
[BlackFideId "30941849"]
[EventDate "2024.07.16"]

1. d4 d5 2. c4 dxc4 3. Nf3 Nf6 4. e3 e6 5. Bxc4 a6 6. O-O c5 7. b3 b5 8. Be2 Bb7
9. Bb2 Nbd7 10. a4 b4 11. Nbd2 Be7 12. Nc4 O-O 13. Nfe5 cxd4 14. Nxd7 Nxd7 15.
Bxd4 Bd5 16. Qc2 Rc8 17. Rad1 Bf6 18. Qb2 Qc7 19. e4 Bxc4 20. Bxc4 Bxd4 21. Rxd4
Nc5 22. f3 e5 23. Rd2 Nxa4 24. Bxf7+ Rxf7 25. bxa4 Qc5+ 26. Rff2 Qc3 27. Qxc3
Rxc3 28. Rd6 Rf6 29. Rd8+ Rf8 30. Rd6 Rf6 31. Rd8+ Rf8 32. Rd6 Rf6 1/2-1/2

[Event "ch-USA Junior 2024"]
[Site "Saint Louis USA"]
[Date "2024.07.18"]
[Round "3.4"]
[White "Guo, Arthur"]
[Black "Hong, Andrew"]
[Result "1/2-1/2"]
[WhiteTitle "GM"]
[BlackTitle "GM"]
[WhiteElo "2529"]
[BlackElo "2570"]
[WhiteFideId "30903114"]
[BlackFideId "2099438"]
[EventDate "2024.07.16"]

1. e4 e5 2. Nf3 Nc6 3. d4 exd4 4. Nxd4 Nf6 5. Nc3 Bb4 6. Nxc6 bxc6 7. Bd3 d5 8.
exd5 O-O 9. O-O Bg4 10. f3 Bh5 11. Bg5 cxd5 12. Kh1 c6 13. Ne2 Bg6 14. Bxg6 hxg6
15. Qd4 Be7 16. Rfe1 Re8 17. b3 Bd6 18. Bf4 c5 19. Qd2 d4 20. c3 Bxf4 21. Nxf4
Qa5 22. Rec1 Rad8 23. Qb2 g5 24. Nh3 d3 25. Ng1 Nd5 26. Qd2 Nf4 27. Re1 Ne2 28.
Nxe2 dxe2 29. Qc2 Qa6 30. a4 Qd3 31. Qxd3 Rxd3 32. Rac1 Red8 33. Rxe2 Rxc3 34.
Ree1 Rxb3 35. Rxc5 Ra3 36. Ra5 Rd4 37. Rxa7 Rdxa4 38. Rxa4 Rxa4 39. Kg1 Ra2 40.
Kf1 f6 41. Re2 Ra4 42. Rb2 Kf7 43. Kf2 Ra3 44. Re2 Ra4 45. Rb2 Ra3 46. Re2 Ra4
47. Rb2 1/2-1/2

[Event "ch-USA Junior 2024"]
[Site "Saint Louis USA"]
[Date "2024.07.18"]
[Round "3.5"]
[White "Daggupati, Balaji"]
[Black "Liang, Jason"]
[Result "1-0"]
[WhiteTitle "GM"]
[BlackTitle "IM"]
[WhiteElo "2480"]
[BlackElo "2412"]
[WhiteFideId "2090759"]
[BlackFideId "30940303"]
[EventDate "2024.07.16"]

1. e4 c6 2. d4 d5 3. e5 Bf5 4. h4 h5 5. Bd3 Qd7 6. Ne2 Bxd3 7. Qxd3 c5 8. c3 Nc6
9. O-O e6 10. Nd2 Nge7 11. Nf3 Ng6 12. Bg5 cxd4 13. cxd4 Be7 14. g3 O-O 15. Bxe7
Ncxe7 16. Ng5 f6 17. exf6 Rxf6 18. Rae1 Raf8 19. Nc3 Rc8 20. Qe2 Nf8 21. Qxh5
Rc4 22. Nf3 Rf5 23. Qg4 Nc6 24. Re3 Nh7 25. Rfe1 Qf7 26. b3 Rb4 27. Ne5 Nxe5 28.
Rxe5 Rxf2 29. Qxe6 Rxd4 30. Qxf7+ Rxf7 31. Nxd5 Rd7 32. Nf4 Kf7 33. Kg2 b6 34.
Kh3 Nf6 35. h5 a5 36. Rb5 Rb4 37. Rxb4 axb4 38. Re5 Rd2 39. Rb5 Nd7 40. Rd5 Rxd5
41. Nxd5 Ke6 42. Nxb4 Kf5 43. Kh4 Ne5 44. Nd5 Nf3+ 45. Kh3 b5 46. a4 bxa4 47.
bxa4 Ng5+ 48. Kg2 Ne6 49. a5 Ke5 50. Nb4 Kf5 51. a6 Nc7 52. Kf3 Kg5 53. g4 Nb5
54. Nc6 g6 55. hxg6 Kxg6 56. a7 Nc7 57. Ne7+ Kg5 58. Nd5 Na8 59. Kg3 1-0

[Event "ch-USA Junior 2024"]
[Site "Saint Louis USA"]
[Date "2024.07.19"]
[Round "4.1"]
[White "Hong, Andrew"]
[Black "Yoo, Christopher Woojin"]
[Result "1/2-1/2"]
[WhiteTitle "GM"]
[BlackTitle "GM"]
[WhiteElo "2570"]
[BlackElo "2607"]
[WhiteFideId "2099438"]
[BlackFideId "30909694"]
[EventDate "2024.07.16"]

1. e4 c6 2. d4 d5 3. e5 Bf5 4. Nf3 e6 5. Be2 Ne7 6. O-O c5 7. c4 Nbc6 8. dxc5 d4
9. Qa4 Ng6 10. Rd1 Bxc5 11. b4 Bxb4 12. Nxd4 Qa5 13. Qxa5 Bxa5 14. Nxf5 exf5 15.
Bb2 Bc7 16. Na3 Bxe5 17. Rab1 b6 18. c5 O-O 19. Bf3 Rad8 20. cxb6 axb6 21. Bxc6
Bxb2 22. Nc4 Ne5 23. Nxe5 Rxd1+ 24. Rxd1 Bxe5 25. Re1 Rd8 26. Ba4 f6 27. Rd1 Rd4
28. Bb3+ Kf8 29. Rxd4 Bxd4 30. Kf1 g6 31. Ke2 Ke7 32. Bg8 Kf8 33. Bb3 Be5 34. h3
Bc7 35. Bc4 Bb8 36. Bb3 Bc7 37. Bc4 Bb8 38. Bb3 Bc7 1/2-1/2

[Event "ch-USA Junior 2024"]
[Site "Saint Louis USA"]
[Date "2024.07.19"]
[Round "4.2"]
[White "Hardaway, Brewington"]
[Black "Daggupati, Balaji"]
[Result "1-0"]
[WhiteTitle "IM"]
[BlackTitle "GM"]
[WhiteElo "2459"]
[BlackElo "2480"]
[WhiteFideId "30941849"]
[BlackFideId "2090759"]
[EventDate "2024.07.16"]

1. e4 c5 2. Nf3 Nc6 3. d4 cxd4 4. Nxd4 Nf6 5. Nc3 e5 6. Ndb5 d6 7. Nd5 Nxd5 8.
exd5 Ne7 9. c4 Nf5 10. Bd3 Be7 11. O-O O-O 12. f4 e4 13. Bxe4 Bf6 14. Qd3 g6 15.
g4 a6 16. Nc3 Nh4 17. f5 b5 18. c5 dxc5 19. d6 Ra7 20. Bf4 g5 21. Bg3 Rd7 22.
Bd5 Bd4+ 23. Kh1 Rxd6 24. Bxd6 Qxd6 25. Be4 Re8 26. Rad1 Bd7 27. b4 Qf6 28. bxc5
Bxc3 29. Qxd7 Rxe4 30. Qc8+ Kg7 31. Rd8 Ng6 32. Rd6 Qe5 33. f6+ 1-0

[Event "ch-USA Junior 2024"]
[Site "Saint Louis USA"]
[Date "2024.07.19"]
[Round "4.3"]
[White "Liang, Jason"]
[Black "Guo, Arthur"]
[Result "1-0"]
[WhiteTitle "IM"]
[BlackTitle "GM"]
[WhiteElo "2412"]
[BlackElo "2529"]
[WhiteFideId "30940303"]
[BlackFideId "30903114"]
[EventDate "2024.07.16"]

1. e4 e6 2. d4 d5 3. Nc3 Bb4 4. e5 c5 5. a3 Bxc3+ 6. bxc3 Nc6 7. Qg4 g6 8. Qd1
Qa5 9. Bd2 Bd7 10. Rb1 Qc7 11. Nf3 c4 12. Be2 h6 13. a4 O-O-O 14. O-O f6 15. Qc1
g5 16. Re1 Rf8 17. Qa3 Nge7 18. exf6 Ng6 19. Ne5 Ngxe5 20. dxe5 Nxe5 21. Be3 Nc6
22. Bc5 Rxf6 23. Bd6 Qd8 24. Rb5 Rh7 25. a5 a6 26. Rb6 Be8 27. Bg4 Qd7 28. h4
gxh4 29. Qc5 Kd8 30. Reb1 Qc8 31. Bh2 Rg7 32. Bh3 Bg6 33. Rxc6 Qxc6 34. Qd4 Rgf7
35. Rb6 Rxf2 36. Be5 Rf1+ 37. Kh2 Qa4 38. Rd6+ Rd7 39. Qb6+ Ke8 40. Rxe6+ Kf8
41. Rxg6 Qa1 42. Qc5+ Re7 43. Qc8+ Re8 44. Rg8+ 1-0

[Event "ch-USA Junior 2024"]
[Site "Saint Louis USA"]
[Date "2024.07.19"]
[Round "4.4"]
[White "Wang, Justin"]
[Black "Wang, Jason"]
[Result "0-1"]
[WhiteTitle "IM"]
[BlackTitle "IM"]
[WhiteElo "2517"]
[BlackElo "2425"]
[WhiteFideId "30911370"]
[BlackFideId "30908124"]
[EventDate "2024.07.16"]

1. d4 d5 2. c4 e6 3. Nf3 Nf6 4. g3 Bd6 5. Bg2 h6 6. Qc2 O-O 7. O-O b6 8. Nc3 Bb7
9. Nb5 dxc4 10. Nxd6 cxd6 11. Qxc4 Bd5 12. Qa4 Nc6 13. Be3 Qd7 14. Rfc1 Qb7 15.
Ne1 Rac8 16. f3 b5 17. Qd1 e5 18. dxe5 dxe5 19. Nd3 Rfe8 20. Kh1 Rcd8 21. Qg1
Nd4 22. Qf2 Nf5 23. Bc5 e4 24. Nb4 exf3 25. exf3 Bc4 26. Re1 a5 27. Nc2 Rxe1+
28. Rxe1 Bxa2 29. Bb6 Ra8 30. Ra1 Nd7 31. f4 Bd5 32. Bxa5 Nc5 33. Bc3 Rxa1+ 34.
Nxa1 b4 35. Bd2 Ne4 36. Bxe4 Bxe4+ 37. Kg1 Qd5 38. Bxb4 Qd1+ 39. Qf1 Qd4+ 40.
Qf2 Qxb4 0-1

[Event "ch-USA Junior 2024"]
[Site "Saint Louis USA"]
[Date "2024.07.19"]
[Round "4.5"]
[White "Ladan, Nicholas"]
[Black "Woodward, Andy"]
[Result "0-1"]
[BlackTitle "IM"]
[WhiteElo "2211"]
[BlackElo "2523"]
[WhiteFideId "30918855"]
[BlackFideId "30953499"]
[EventDate "2024.07.16"]

1. d4 Nf6 2. Bf4 d6 3. Nc3 Nbd7 4. Nf3 c5 5. d5 Qa5 6. a4 Ne4 7. Qd3 Ndf6 8. Bd2
Nxd2 9. Nxd2 Qd8 10. e4 g6 11. Be2 Bg7 12. O-O O-O 13. Nc4 Nd7 14. Qg3 Nb6 15.
Ne3 a5 16. f4 Bd7 17. f5 Be5 18. Qh3 f6 19. Qh6 Qe8 20. Ng4 Bd4+ 21. Kh1 Qf7 22.
Bb5 Rad8 23. Ne2 Bxb5 24. axb5 Bxb2 25. Rxa5 Be5 26. Ra7 Rb8 27. Nf4 Bxf4 28.
Qxf4 g5 29. Qd2 Qe8 30. Qa5 Nc8 31. b6 Qd8 32. Qb5 Qxb6 33. Qxb6 Nxb6 34. Rb1
Nc4 35. h4 h5 36. Nf2 Kf7 37. hxg5 fxg5 38. Rbxb7 Rxb7 39. Rxb7 Ra8 40. Rb3 Ra2
41. Rc3 Ne5 42. Kh2 Kf6 43. Kg3 Ra1 44. Nd3 Ra4 45. Nf2 Rd4 46. Kh2 Rd2 47. Kg1
Rd4 48. Ra3 Ng4 49. Nxg4+ hxg4 50. Ra8 Rxe4 51. Rf8+ Ke5 52. Rf7 g3 53. Kf1 Rf4+
54. Ke1 Rxf5 55. Rxe7+ Kxd5 0-1

[Event "ch-USA Junior 2024"]
[Site "Saint Louis USA"]
[Date "2024.07.20"]
[Round "5.1"]
[White "Guo, Arthur"]
[Black "Hardaway, Brewington"]
[Result "1/2-1/2"]
[WhiteTitle "GM"]
[BlackTitle "IM"]
[WhiteElo "2529"]
[BlackElo "2459"]
[WhiteFideId "30903114"]
[BlackFideId "30941849"]
[EventDate "2024.07.16"]

1. e4 e5 2. Nf3 Nf6 3. d4 Nxe4 4. Bd3 d5 5. Nxe5 Nd7 6. O-O Nxe5 7. dxe5 Nc5 8.
Be3 Nxd3 9. Qxd3 c6 10. f4 g6 11. Nd2 Be7 12. Nb3 Bf5 13. Qe2 Qd7 14. h3 h5 15.
Rad1 b6 16. c4 Rd8 17. cxd5 cxd5 18. Nd4 Be4 19. Rc1 Bc5 20. Rc3 Rc8 21. Bf2 O-O
22. f5 Qe7 23. e6 Qg5 24. Rg3 Qxg3 25. Bxg3 Bxd4+ 26. Bf2 Rc2 27. Qxc2 Bxc2 28.
Bxd4 fxe6 29. fxe6 Rxf1+ 30. Kxf1 Bf5 31. e7 Kf7 32. Bf6 Bd7 33. Bg5 Ke6 34. Ke2
Kf5 35. h4 Ke4 36. Kd2 d4 37. Bf6 Bc6 38. Bg5 Bd7 39. Bf6 Bc6 40. Bg5 Bd7 1/2-1/2